Top 15 cartoni animati giapponesi trasmessi su Italia 1 - Statistics

Statistiche generali
  • Questo quiz è stato fatto 279 volte
  • Il punteggio medio è 7 su 15
Statistiche sulle risposte
Classifica Prima messa in onda Titolo % Corretto
1996 Dragon Ball
87%
2006 Naruto
63%
2001 One Piece
63%
13° 2000 Pokémon
63%
2003 Doraemon
59%
11° 1986 Holly e Benji
56%
1982 Lady Oscar
48%
2002 Detective Conan
45%
1979 Lupin III
41%
10° 1995 Sailor Moon
40%
15° 1985 Occhi di gatto
36%
14° 2004 Heidi
31%
1980 Candy Candy
19%
12° 2000 Rossana
19%
1999 Card Captor Sakura
2%
Nessun quiz corrispondente trovato
Distribuzione punteggi
Percentuale di utenti per punteggio
Percentile per numero di risposta
I tuoi punteggi nel tempo
Non hai fatto questo quiz